Financing of small and medium scale Industries in Bangladesh : (Record no. 37915)
[ view plain ]
| 000 -LEADER | |
|---|---|
| fixed length control field | 00929ntm a2200241 a 4500 |
| 001 - CONTROL NUMBER | |
| control field | 37915 |
| 003 - CONTROL NUMBER IDENTIFIER | |
| rucl marc code | BD-RjUL |
| 005 - DATE AND TIME OF LATEST TRANSACTION | |
| control field | 20211209052704.0 |
| 008 - FIXED-LENGTH DATA ELEMENTS--GENERAL INFORMATION | |
| fixed length control field | 140118s2011 bg a|||| m||| 00| 0 eng d |
| 035 ## - SYSTEM CONTROL NUMBER | |
| System control number | (BD-RjUL)38020 |
| 040 ## - CATALOGING SOURCE | |
| Original cataloging agency | BD-RjUL |
| Language of cataloging | eng |
| Transcribing agency | BD-RjUL |
| Modifying agency | BD-RjUL |
| 041 ## - LANGUAGE CODE | |
| Language code of text/sound track or separate title | eng |
| 082 ## - DEWEY DECIMAL CLASSIFICATION NUMBER | |
| Edition number | 23 |
| Classification number | 338.642 |
| Author mark and year | ZAF 2011 |
| 100 ## - MAIN ENTRY--PERSONAL NAME | |
| Personal name | Zamal, Md. Didarul |
| 9 (RLIN) | 117465 |
| 245 ## - TITLE STATEMENT | |
| Title | Financing of small and medium scale Industries in Bangladesh : |
| Remainder of title | a study on light Engineering Enterprises / |
| Statement of responsibility, etc. | by Md. Didarul Zamal. |
| Linkage | Supervisor : M. Zainul Abedin |
| 260 ## - PUBLICATION, DISTRIBUTION, ETC. (IMPRINT) | |
| Place of publication, distribution, etc. | Rajshahi: |
| Name of publisher, distributor, etc. | Institute of Bangladesh Studies, R. U. |
| Date of publication, distribution, etc. | 2011 |
| 300 ## - PHYSICAL DESCRIPTION | |
| Pagination | xxviii, 267 leaves : |
| Illustrations | Ill. ; |
| Size | 29cm. |
| 502 ## - DISSERTATION NOTE | |
| Dissertation note | Thesis (Ph.D.) --Institute of Bangladesh Studies, R. U., 2011 |
| 504 ## - BIBLIOGRAPHY, ETC. NOTE | |
| Bibliography, etc | Bibliography : leaves 242-253 |
| 650 ## - SUBJECT ADDED ENTRY--TOPICAL TERM | |
| Topical term or geographic name as entry element | Engineering firms |
| Geographic subdivision | Bangladesh |
| General subdivision | Finance. |
| 9 (RLIN) | 244271 |
| 700 ## - ADDED ENTRY--PERSONAL NAME | |
| Personal name | Abedin, M. Zainul, Supervisor |
| 942 ## - ADDED ENTRY ELEMENTS (KOHA) | |
| Source of classification or shelving scheme | Dewey Decimal Classification |
| Koha item type | Theses |
| Lost status | Source of classification or shelving scheme | Damaged status | Not for loan | Collection code | Permanent Location | Current Location | Shelving location | Date acquired | Source of acquisition | Cost, normal purchase price | Total Checkouts | Full call number | Date last seen | Copy number | Koha item type |
|---|---|---|---|---|---|---|---|---|---|---|---|---|---|---|---|
| Dewey Decimal Classification | Not For Loan | Non-fiction | Central Library, University of Rajshahi | Central Library, University of Rajshahi | Documentation Section | 09/10/2013 | COE, R.U. | 0.00 | THE 338.642 ZAF 2011 | 10/08/2015 | C-1 | Theses |